Copyright on the internet : (Record no. 296094)
[ view plain ]
| 000 -LEADER | |
|---|---|
| fixed length control field | 00803nam a2200265Ia 4500 |
| 008 - FIXED-LENGTH DATA ELEMENTS--GENERAL INFORMATION | |
| fixed length control field | 160621s9999 xx 000 0 und d |
| 020 ## - INTERNATIONAL STANDARD BOOK NUMBER | |
| International Standard Book Number | 978-1-4239-0551-6 |
| 050 ## - LIBRARY OF CONGRESS CALL NUMBER | |
| Classification number | ComSc KF 3030.1 |
| 050 ## - LIBRARY OF CONGRESS CALL NUMBER | |
| Item number | .W39 2007 |
| 100 ## - MAIN ENTRY--PERSONAL NAME | |
| Personal name | Waxer, Barbara M. |
| 245 ## - TITLE STATEMENT | |
| Title | Copyright on the internet : |
| 245 ## - TITLE STATEMENT | |
| Remainder of title | illustrated essentials / |
| 245 ## - TITLE STATEMENT | |
| Statement of responsibility, etc | Barbara M. Waxer, Marsha L. Baum. |
| 260 ## - PUBLICATION, DISTRIBUTION, ETC. (IMPRINT) | |
| Place of publication, distribution, etc | Australia : |
| 260 ## - PUBLICATION, DISTRIBUTION, ETC. (IMPRINT) | |
| Name of publisher, distributor, etc | Thomson Course Tech., |
| 260 ## - PUBLICATION, DISTRIBUTION, ETC. (IMPRINT) | |
| Date of publication, distribution, etc | 2007 |
| 300 ## - PHYSICAL DESCRIPTION | |
| Extent | 54 pages : |
| 300 ## - PHYSICAL DESCRIPTION | |
| Other physical details | illustrations ; |
| 300 ## - PHYSICAL DESCRIPTION | |
| Dimensions | 28 cm. |
| 440 ## - SERIES STATEMENT/ADDED ENTRY--TITLE | |
| Title | Illustrated series |
| 500 ## - GENERAL NOTE | |
| General note | Includes index. |
| 650 ## - SUBJECT ADDED ENTRY--TOPICAL TERM | |
| Topical term or geographic name as entry element | Copyright and electronic data processing -- United States. |
| 650 ## - SUBJECT ADDED ENTRY--TOPICAL TERM | |
| Topical term or geographic name as entry element | Internet -- Law and legislation -- United States. |
| 650 ## - SUBJECT ADDED ENTRY--TOPICAL TERM | |
| General subdivision | Fair use (Copyright) -- United States. |
| Withdrawn status | Lost status | Damaged status | Home library | Current library | Shelving location | Date acquired | Total Checkouts | Full call number | Barcode | Date last seen | Price effective from | Koha item type |
|---|---|---|---|---|---|---|---|---|---|---|---|---|
| South Mansfield College | South Mansfield College | 02/04/2008 | ComSc KF 3030.1 .W39 2007 | SMC05066 | 06/21/2016 | 06/21/2016 |